Najlepsi strzelcy reprezentacji narodowych - Statystyki

Ogólne statystyki
  • Ten quiz został rozwiązany 66 razy
  • Średni wynik to 26 z 235
Statystyki odpowiedzi
Albania AC Siena 18 Erjon Bogdani % Poprawnych
Anglia Bayern Munich 66 Harry Kane
91%
Polska FC Barcelona 83 Robert Lewandowski
75%
Belgia SSC Napoli 85 Romelu Lukaku
75%
Portugalia Al-Nassr FC 131 Cristiano Ronaldo
74%
Argentyna Inter Miami CF 109 Lionel Messi
70%
Szwecja AC Milan 62 Zlatan Ibrahimović
70%
Bośnia i Hercegowina Fenerbahce 66 Edin Dzeko
68%
Węgry Real Madrid 80 Ferenc Puskás
67%
Francja Los Angeles FC 57 Olivier Giroud
65%
Hiszpania Vissel Kobe 59 David Villa
63%
Walia Los Angeles FC 40 Gareth Bale
63%
Niemcy SS Lazio 71 Miroslav Klose
63%
Brazylia Al-Hilal SFC 79 Neymar
60%
Urugwaj Inter Miami CF 69 Luis Suárez
58%
Holandia Feyenoord 50 Robin van Persie
58%
Korea Południowa Tottenham Hotspur 48 Heung-min Son
56%
Armenia Inter Milan 32 Henrikh Mkhitaryan
53%
Chile Udinese Calcio 51 Alexis Sánchez
51%
Chińskie Tajpej (Tajwan) Qingdao West Coast 24 Po-Liang Chen
49%
Serbia Al-Hilal SFC 58 Aleksandar Mitrović
47%
Egipt Liverpool FC 55 Mohamed Salah
47%
Senegal Al-Nassr FC 42 Sadio Mané
47%
Słowacja Trabzonspor 26 Marek Hamsik
44%
Ekwador Sport Club Internacional 41 Enner Valencia
39%
Irlandia ATK 68 Robbie Keane
39%
Finlandia Minnesota United FC 42 Teemu Pukki
39%
Chorwacja 1860 Munich 45 Davor Suker
37%
Wybrzeże Kości Słoniowej Phoenix Rising 63 Didier Drogba
37%
Macedonia Północna Parma 38 Goran Pandev
37%
Gabon Al-Qadsiah FC 32 Pierre-Emerick Aubameyang
35%
Meksyk Deportivo Guadalajara 52 Javier Hernández
33%
Kolumbia Millonarios FC 36 Radamel Falcao
33%
Kamerun Qatar SC 56 Samuel Eto'o
33%
Czarnogóra Olympiacos 36 Stevan Jovetic
33%
Bułgaria Kerala Blasters 48 Dimitar Berbatov
32%
Ukraina Dynamo Kyiv 48 Andriy Shevchenko
30%
Czechy Cannes 55 Jan Koller
30%
Nigeria Galatasaray 21 Victor Osimhen
26%
Islandia Valur Reykjavík 27 Gylfi Sigurdsson
25%
Australia Jamshedpur FC 49 Tim Cahill
25%
USA Seattle 57 Clint Dempsey
23%
Turcja Galatasaray 51 Hakan Şükür
23%
Kosowo RCD Mallorca 26 Vedat Muriqi
23%
Komory Zeleznicar Pancevo 19 El Fardou Ben
21%
Andora FC Andorra B 11 Ildefons Lima
21%
Rumunia AS Ardealul Tg. Mures 35 Adrian Mutu
19%
Zambia Leicester City 20 Patson Daka
19%
Rosja Lokomotiv Moscow 30 Artem Dzyuba
18%
Nowa Zelandia Nottingham Forest 34 Chris Wood
18%
Algieria KV Mechelen 46 Islam Slimani
18%
Katar Al-Duhail SC 46 Almoez Ali
16%
Togo AC Semassi FC 26 Emmanuel Adebayor
16%
Chiny Shanghai Port 37 Lei Wu
16%
Niger AS GNN 18 Victorien Adebayor
16%
Szwajcaria FC Basel 42 Alex Frei
14%
Szkocja Manchester City 30 Denis Law
14%
Izrael Maccabi Tel Aviv 35 Eran Zahavi
14%
Mołdawia SC Heerenveen 16 Ion Nicolaescu
14%
Trynidad i Tobago Central FC 61 Stern John
14%
Ghana Legon Cities FC 49 Asamoah Gyan
12%
Kanada RCD Mallorca 29 Cyle Larin
11%
Uzbekistan AS Roma 40 Eldor Shomurodov
11%
Samoa Amerykańskie Bay Olympic 3 Ramin Ott
11%
Paragwaj Club Libertad Asunción 32 Roque Santa Cruz
11%
Japonia Sint-Truiden 50 Shinji Okazaki
11%
Iran Saipa FC 97 Ali Daei
9%
San Marino La Fiorita 8 Andy Selva
9%
Włochy Cagliari 35 Luigi Riva
9%
Wenezuela CF Pachuca 44 Salomón Rondón
9%
Austria SV Weiden 14/75 46 Toni Polster
9%
Maroko Olympiacos Piraeus 26 Ayoub El Kaabi
7%
Gwatemala Dallas 68 Carlos Ruiz
5%
Mali BJ Guoan 17 Frédéric Kanouté
5%
Luksemburg Guangxi Pingguo Haliao 21 Gerson Rodrigues
5%
Cypr Północny ? 18 Halil Turan
5%
Mjanma Shan United 11 Kyaw Ko Ko
5%
Arabia Saudyjska Al-Hilal 28 Sami Al-Jaber
5%
Gruzja Levante 26 Shota Arveladze
5%
Słowenia Marles Hise 35 Zlatko Zahovic
5%
Republika Południowej Afryki Orlando Pirates 30 Benni McCarthy
4%
Irlandia Północna Bury 36 David Healy
4%
Albania AC Siena 18 Erjon Bogdani
4%
Korea Północna Korea Sports University (North Korea) 24 Il-gwan Jong
4%
Norwegia Lyn 33 Jörgen Juve
4%
Łotwa Liepaja 29 Maris Verpakovskis
4%
Cypr AEL Limassol 30 Michalis Konstantinou
4%
Pakistan K-Electric 10 Muhammad Essa
4%
Bermudy Bristol City 17 Nahki Wells
4%
Dania Kjöbenhavns BK 53 Poul Nielsen
4%
Gibraltar Lincoln Red Imps FC 5 Roy Chipolina
4%
Hongkong Eastern District 35 Siu-Ki Chan
4%
Benin Sirens FC 20 Stéphane Sessègnon
4%
Indie Bengaluru FC 83 Sunil Chhetri
4%
Kambodża Boeung Ket 12 Vathanaka Chan
4%
Mauretania Sepahan FC 8 Aboubakar Kamara
2%
Zjednoczone Emiraty Arabskie Al-Nasr SC (UAE) 73 Ali Mabkhout
2%
Estonia Viimsi JK 38 Andres Oper
2%
Demokratyczna Republika Konga FC Noah 22 Dieumerci Mbokani
2%
Gwinea Równikowa CF Intercity 23 Emilio Nsue
2%
Portoryko Metropolitan Football Academy 18 Héctor Ramos
2%
Sierra Leone Los Angeles FC 7 Kei Kamara
2%
Kuba LA Laguna 29 Léster Moré
2%
Wyspy Świętego Tomasza i Książęca Club Almagro 11 Luís Leal
2%
Boliwia Cruzeiro 31 Marcelo Moreno
2%
Mariany Północne ? 2 Mark McDonald
2%
Grecja Olympiacos 29 Nikolaos Anastopoulos
2%
Peru Club Alianza Lima 40 Paolo Guerrero
2%
El Salvador Islanders 32 Raúl Díaz Arce
2%
Fidżi Odisha FC 41 Roy Krishna
2%
Somalia Hashtag United 2 Sakariya Hassan
2%
Palau ? 5 Stephen Stefano
2%
Litwa Parma 19 Tomas Danilevicius
2%
Oman Al-Seeb Club 25 Abdul Aziz Al-Muqbali
0%
Burundi Al-Rustaq Club 16 Abdul Razak Fiston
0%
Jemen Sitra Club 11 Abdulwasea Al-Matari
0%
Erytrea FC Leverkusen 1 Abraham Tedros
0%
Libia Al-Hillal Benghazi 12 Ahmed Saad Osman
0%
Indonezja PSBS Biak 10 Alberto Da Costa
0%
Watykan ? 1+ Alessandro Quarto
0%
Malediwy Club Valencia 48 Ali Ashfaq
0%
Tanzania PAOK Thessaloniki 18 Ally Samatta
0%
Tuvalu FC Nanumaga 6 Alopua Petoa
0%
Nepal Church Boys United 12 Anjan Bista
0%
Saint-Barthélemy ? 2 Anthony Maxor
0%
Turkmenistan FK Arkadag 14 Arslanmurad Amanov
0%
Osetia Południowa FC Digora 9 Artur Elbaev
0%
Mauritius Saint-Pauloise FC 5 Ashley Nazira
0%
Gambia Damac FC 13 Assan Ceesay
0%
Saint-Martin GFA Rumilly Vallières 8 Axel Raga
0%
Bonaire Real Rincon 6 Ayrton Cicilia
0%
Brunei Brunei DPMM FC 6 Azwan Ali Rahman
0%
Kazachstan Besiktas JK 14 Bakhtiyor Zaynutdinov
0%
Afganistan Grane Arendal Fotball 10 Balal Arezou
0%
Turks i Caicos SWA Sharks FC 16 Billy Forbes
0%
Honduras Real España 53 Carlos Pavón
0%
Majotta ? 6 Chamsidine Attoumani
0%
Bhutan Sriwijaya FC 13 Chencho Gyeltshen
0%
Wyspy Salomona Marist FC 31 Commins Menapi
0%
Belize Georgia Revolution 27 Deon McCaulay
0%
Samoa Lepea FC 7 Desmond Edward
0%
Gwadelupa JS Vieux-Habitants 15 Dominique Mocka
0%
Haiti Kayserispor 30 Duckens Nazon
0%
Mozambik UD Songo 13 Elias Pelembe
0%
Azerbejdżan Neftchi Baku 14 Emin Mahmudov
0%
Malawi Mighty Wanderers FC 12 Essau Kanyenda
0%
Czad Persela Lamongan 8 Ezechiel Ndouasel
0%
Uganda Caykur Rizespor 16 Farouk Miya
0%
Gwinea Bissau Aubervilliers 6 Frédéric Mendy
0%
Gujana Francuska AJ Saint-Georges 11 Gary Pigrée
0%
Sint Maarten VV Spijkenisse 17 Gerwin Lake
0%
Etiopia Fasil Kenema FC 27 Getaneh Kebede
0%
Surinam OFK Beograd 14 Gleofilo Vlijter
0%
Jordania Al-Ramtha SC 27 Hamza Al-Dardour
0%
Liban Al-Ansar FC 25 Hassan Maatouk
0%
Saint Kitts i Nevis Newtown United FC 19 Ian Lake
0%
Singapur BG Pathum United 18 Ikhsan Fandi
0%
Madagaskar Al-Hamriyah 12 Ima Andriatsima
0%
Bahrajn Al-Khaldiya FC 31 Ismail Abdullatif
0%
Tunezja USEPMM Football 37 Issam Jemâa
0%
Rwanda AS Kigali 12 Jacques Tuyisenge
0%
Wyspy Dziewicze Stanów Zjednoczonych UWS Upsetters SC 3 Jamie Browne
0%
Guam Bank of Guam Strykers 15 Jason Cunliffe
0%
Reunion La Tamponnaise 9 Jean-Michel Fontaine
0%
Botswana Orapa United FC 13 Jerome Ramatlhakwana
0%
Timor Wschodni Angkor Tiger FC 5 João Pedro
0%
Dominikana Atlético San Francisco 22 Jonathan Faña
0%
Nikaragua Managua FC 25 Juan Barrera
0%
Dominika Formartine United FC 20 Julian Wade
0%
Makau Benfica de Macau 11 Ka-Hang Leong
0%
Sri Lanka Ratnam SC 16 Kasun Nadika
0%
Saint Pierre i Miquelon ? 1 Kevin Mathiaud
0%
Martynika Golden Lion FC 32 Kévin Parsemain
0%
Laos Deffo FC 8 Khampheng Sayavutthi
0%
Zimbabwe Al-Okhdood Club 25 Knowledge Musona
0%
Saint Lucia Grenades FC 11 Kurt Frederick
0%
Kiribati ? 2 Lawrence Nemeia
0%
Bahamy Bears FC 12 Lesly St. Fleur
0%
Republika Środkowoafrykańska Amiens SC 16 Louis Mafouta
0%
Panama Potros del Este 43 Luis Tejada
0%
Jamajka Harbour View FC 35 Luton Shelton
0%
Montserrat Colchester United 12 Lyle Taylor
0%
Białoruś FC Khimki 20 Maksim Romashchenko
0%
Liechtenstein FC Balzers 16 Mario Frick
0%
Barbados University of the West Indies 14 Mario Harte
0%
Kajmany Academy SC 7 Mark Ebanks
0%
Angola Racing Madrid City FC 17 Mateus Contreiras
0%
Malta Mosta FC 42 Michael Mifsud
0%
Kenia Al-Duhail SC 26 Michael Olunga
0%
Nowa Kaledonia AS Magenta 22 Michel Hmaé
0%
Jersey ? 24 Mike Harper
0%
Kirgistan Alga Bishkek 13 Mirlan Murzaev
0%
Sudan Al-Hilal Club (Omdurman) 11 Mohamed Abdelrahman
0%
Burkina Faso Qatar SC 24 Moumouni Dagano
0%
Grenlandia ? 9 Norsaq Lund Mathæussen
0%
Mongolia Khoromkhon FC 8 Nyam-Osor Naranbold
0%
Palestyna R Charleroi SC 15 Oday Dabbagh
0%
Monako ? 12 Olivier Lechner
0%
Gujana Chicago Fire FC II 17 Omari Glasgow
0%
Syria Al-Wahda FC 21 Omar Khribin
0%
Gwinea Atlantas 22 Pascal Feindouno
0%
Seszele Côte d'Or FC 3 Perry Monnaie
0%
Antigua i Barbuda Hitachi Centre SAP FC 34 Peter Byers
0%
Wyspa Man ? 1+ Peter Langridge
0%
Mikronezja ? 3 Peter Paul Igesumai
0%
Namibia Mamelodi Sundowns FC 15 Peter Shalulile
0%
Filipiny Davao Aguilas 36 Phil Younghusband
0%
Curacao FC Eindhoven 21 Rangelo Janga
0%
Papua-Nowa Gwinea Lae City FC 12 Raymond Gunemba
0%
Anguilla letic 3 Richard O'Connor
0%
Grenada Queen's Park Rangers (Grenada) 17 Ricky Charles
0%
Falklandy ? 5 Robert Mills
0%
Wyspy Owcze ÍF Fuglafjördur 10 Rógvi Jacobsen
0%
Abchazja ? 8 Ruslan Shoniya
0%
Wyspy Zielonego Przylądka Kocaelispor 18 Ryan Mendes
0%
Eswatini Green Mamba Big Bend 7 Sabelo Ndzinisa
0%
Malezja Terengganu FC 22 Safawi Rasid
0%
Sahara Zachodnia ? 4 Sahia Ahmed Budah
0%
Dżibuti El Merriekh FC Bentiu 5 Samuel Akinbinu
0%
Saint Vincent i Grenadyny Rendezvous FC 26 Shandel Samuel
0%
Wyspy Cooka Tupapa Maraerenga 7 Taylor Saghabi
0%
Tahiti AS Vénus Mahina 30 Teaonui Tehau
0%
Tajlandia BG Pathum United 44 Teerasil Dangda
0%
Aruba ADO '20 Heemskerk 6 Terence Groothusen
0%
Kongo Esteghlal Khuzestan 15 Thievy Bifouma
0%
Wietnam Becamex Binh Duong FC 19 Tien Linh Nguyen
0%
Sudan Południowy PSM Makassar 5 Tito Okello
0%
Vanuatu Erakor Golden Star 15 Tony Kaltack
0%
Lesotho LMPS 6 Tsepo Seturumane
0%
Brytyjskie Wyspy Dziewicze Shaftesbury FC 4 Tyler Forbes
0%
Tonga Veitongo FC 7 Unaloto Ki-Atenoa Feao
0%
Liberia Al-Mina'a SC 13 William Jebor
0%
Irak Al-Talaba SC 43 Younis Mahmoud
0%
Kuwejt Kuwait SC 30 Yousef Nasser
0%
Tadżykistan Parvoz 15 Yusuf Rabiev
0%
Bangladesz Brothers Union 9 Zahid Ameli
0%
Nie znaleziono quizów pasujących do podanych kryteriów
Rozkład punktacji
Procent ludzi z każdym wynikiem
Percentyl według liczby udzielonych odpowiedzi
Twoja historia wyników
Nie rozwiązałeś tego quizu